| 000 | 00000nam 2200000zi 4500 |
| 001 | 9.921505 |
| 003 | CaOODSP |
| 005 | 20250314084549 |
| 006 | m o d f |
| 007 | cr mn||||||||| |
| 008 | 230404t20232023onc o f000 0 eng d |
| 020 | |a9780660482880 |
| 040 | |aCaOODSP|beng|erda|cCaOODSP |
| 043 | |an-cn--- |
| 045 | |ay2y2 |
| 086 | 1 |aP54-3/2023E-2-PDF |
| 245 | 00|aClient service feedback survey - #004 : |banalysis report / |cprepared for Public Services and Procurement Canada, Pension Excellence Sector. |
| 264 | 1|aOttawa, Ontario : |bPublic Services and Procurement Canada = Services publics et approvisionnement Canada, |c2023. |
| 264 | 4|c©2023 |
| 300 | |a1 online resource (47 pages) + |eexecutive summary (4 pages) |
| 336 | |atext|btxt|2rdacontent |
| 337 | |acomputer|bc|2rdamedia |
| 338 | |aonline resource|bcr|2rdacarrier |
| 500 | |aIssued also in French under title: Sondage sur la rétroaction du service à la clientèle - #004 : rapport d'analyse. |
| 500 | |a"April 2023." |
| 500 | |a"Supplier name: Advanis Inc." |
| 500 | |a"Contract number: EP082-212778/001/CY." |
| 500 | |a"Registration number: POR 130-20." |
| 610 | 10|aCanada. |bPublic Services and Procurement Canada|xCustomer services|xPublic opinion. |
| 650 | 0|aCivil service pensioners|xServices for|zCanada|xPublic opinion. |
| 650 | 0|aPublic opinion|zCanada. |
| 650 | 0|aCivil service pensioners|zCanada|xAttitudes. |
| 710 | 1 |aCanada. |bPublic Services and Procurement Canada, |eissuing body. |
| 710 | 2 |aAdvanis (Firm), |econsultant. |
| 775 | 08|tSondage sur la rétroaction du service à la clientèle - #004 : |w(CaOODSP)9.921506 |
| 795 | |tClient service feedback survey - #003 : |w(CaOODSP)9.919289 |
| 856 | 40|qPDF|s957 KB|uhttps://publications.gc.ca/collections/collection_2023/spac-pspc/P54-3-2023-2-eng.pdf|z(analysis report) |
| 856 | 40|qPDF|s294 KB|uhttps://publications.gc.ca/collections/collection_2023/spac-pspc/P54-3-2023-2-1-eng.pdf|z(executive summary) |